O vzniku a upevňovaní robotnícko-roľníckeho zväzku

Bibliographic Details
Main Author: Fišera, Štefan, 1913-2003 (Author)
Format: Book
Language:Slovak
PhysicalDescription:254, [4] s.
Published: Bratislava SVPL 1956
Series:Pôvodná literatúra
Subjects:

MARC

LEADER 00000nam a2200000 a 4500
001 vtls008341463
003 SK-MaSNL
005 20260301204727.0
008 251104s1956 xo 000 slo
015 |a SKSNBA1956/12-01553 
035 |a SK01SNK19560033680 
035 |a SKM000036143 
040 |a SNK  |b slo  |c SNK  |e AACR2 
041 1 |a slo 
044 |a xo  |c SK 
080 |a 334.73  |2 2001 
080 |a 329.15(437)  |2 1981 
100 1 |a Fišera, Štefan,  |d 1913-2003  |4 aut  |9 211708 
245 1 0 |a O vzniku a upevňovaní robotnícko-roľníckeho zväzku  |c Štefan Fišera 
260 |a Bratislava  |b SVPL  |c 1956  |e Bratislava  |f Pravda 
300 |a 254, [4] s. 
366 |e 2000 výtl. 
490 1 |a Pôvodná literatúra 
500 |a Lit. Pozn. 
610 |a Komunistická strana Československa  |2 SVKBBPH  |9 32256 
650 0 7 |a robotníci  |2 SVKBBPH  |9 4872 
650 0 7 |a poľnohospodárstvo  |y 1948-  |2 SVKBBPH  |9 589887 
650 0 7 |a družstevníctvo  |2 SVKBBPH  |9 2134 
650 0 7 |a jednotné roľnícke družstvá  |2 SVKBBPH  |9 88028 
655 7 |a príručky  |2 SNKPH  |9 74364 
830 0 |a Pôvodná literatúra  |9 495900 
852 |a Slovenská národná knižnica v Martine  |b 10000  |h SD 12225 
852 |a Slovenská národná knižnica v Martine  |b 10000  |h SD 12225 D1 
919 |a viaz. 
958 |a OND 
958 |a TL 
958 |a RK 
958 |a SP 
999 |c 907539  |d 909469 
952 |a SNK  |b SNK  |y VYP  |7 0  |p 17A1316337  |o snkSD 12225 D1  |i snkKSP 3620/56  |0 0  |1 0  |4 0  |d 2021-01-14  |l 0  |r 2026-02-24 07:33:55  |w 2026-02-24 
952 |a SNK  |b SNK  |y PREZ  |7 0  |p 17A0492852  |o snkSD 12225  |i snkKSP 3619/56  |0 0  |1 0  |4 0  |d 2006-01-05  |l 0  |r 2025-11-25 00:00:00  |w 2026-02-24